Les disciplines du championnat du monde de cyclisme sur piste - Statistiques

Statistiques générales
  • Ce quiz a été pris 19 fois
  • Le résultat moyen est 7 sur 13
Statistiques - réponses
Définition Réponse % Correct
Ensemble de 6 épreuves se déroulant sur deux journées Omnium
88%
Des équipes de deux coureurs s'affrontent en se disputant des sprints Américaine
71%
20 à 30 coureurs essayent de gagner le maximum de points lors de sprints Course aux points
71%
Cette course est lancée par un lièvre Keirin
71%
Deux cyclistes prennent le départ en deux points opposés de la piste Poursuite individuelle
71%
Pure épreuve de vitesse sur une distance différente selon le sexe Kilomètre| 500 m
59%
Course individuelle sur piste, elle s'apparente à une course en ligne sur route Scratch
59%
Deux coureurs s'opposent, le plus rapide gagne Vitesse individuelle
59%
Sur 4 km, deux équipes s'opposent en partant de deux points opposés de la piste Poursuite par équipes
47%
A deux on roulait plus vite Tandem
47%
Deux équipes de trois coureurs effectuent trois tours de piste, les meilleurs gagnent Vitesse par équipes
35%
Cette épreuve disparue se disputait en suivant au plus près une moto Demi-fond
18%
Malheur au dernier de chaque sprint Course à l'élimination
6%
Aucun quiz correspondant
Distribution des résultats
% des personnes avec chaque résultat
Percentile par nombre de réponses
Votre historique - résultats
Vous n’avez pas pris ce quiz